Dessins de Goya (Record no. 4734)

MARC details
000 -CABECERA
campo de control de longitud fija 00771nam a2200253 a 4500
001 - NÚMERO DE CONTROL
campo de control BRCA_5040
005 - FECHA Y HORA DE LA ÚLTIMA TRANSACCIÓN
campo de control 20190320204920.0
008 - DATOS DE LONGITUD FIJA--INFORMACIÓN GENERAL
campo de control de longitud fija 051110s1947----it-a######---#000-0#fre-#
041 ## - CÓDIGO DE LENGUA
Código de lengua del texto/banda sonora o título independiente fre
044 ## - CÓDIGO DEL PAÍS DE LA ENTIDAD EDITORA/PRODUCTORA
Código MARC del país it
050 #4 - SIGNATURA TOPOGRÁFICA DE LA BIBLIOTECA DEL CONGRESO
Número de clasificación NC287.G6
Número de documento/Ítem .M34 1947
100 1# - ENTRADA PRINCIPAL--NOMBRE DE PERSONA
Nombre de persona Malraux, André
9 (RLIN) 12870
245 10 - MENCIÓN DE TÍTULO
Título Dessins de Goya
Resto del título Au Musée du Prado
Mención de responsabilidad, etc. texte d´André Malraux.
260 ## - PUBLICACIÓN, DISTRIBUCIÓN, ETC.
Lugar de publicación, distribución, etc. Génova, Italia
Nombre del editor, distribuidor, etc. Albert Skira
Fecha de publicación, distribución, etc. 1947
300 ## - DESCRIPCIÓN FÍSICA
Extensión 39 p.
Otras características físicas il., 195 láminas
Dimensiones 29 cm.
500 ## - NOTA GENERAL
Nota general Incluye índice de ilustraciones
500 ## - NOTA GENERAL
Nota general D124
600 14 - PUNTO DE ACCESO ADICIONAL DE MATERIA--NOMBRE DE PERSONA
Nombre de persona Goya y Lucientes, Francisco José de
Fechas asociadas al nombre 1746-1828
9 (RLIN) 11075
650 14 - PUNTO DE ACCESO ADICIONAL DE MATERIA--TÉRMINO DE MATERIA
Término de materia o nombre geográfico como elemento de entrada Dibujos españoles
9 (RLIN) 12871
650 14 - PUNTO DE ACCESO ADICIONAL DE MATERIA--TÉRMINO DE MATERIA
Término de materia o nombre geográfico como elemento de entrada Dibujantes españoles
9 (RLIN) 12032
650 14 - PUNTO DE ACCESO ADICIONAL DE MATERIA--TÉRMINO DE MATERIA
Término de materia o nombre geográfico como elemento de entrada Galerías de arte
Subdivisión geográfica España
9 (RLIN) 12872
902 ## - CATALOGADOR
Iniciales GFM
942 ## - ELEMENTOS DE PUNTO DE ACCESO ADICIONAL (KOHA)
Fuente del sistema de clasificación o colocación Library of Congress Classification
Tipo de ítem Koha Libros
Holdings
Estado de retiro Estado de pérdida Estado dañado No para préstamo Localización permanente Ubicación/localización actual Fecha de adquisición Número de inventario Total de préstamos Signatura topográfica completa Código de barras Fecha visto por última vez Precio válido a partir de Tipo de ítem Koha
El ejemplar forma parte de la colección y puede ser consultado según las políticas vigentes.       Biblioteca del Museo Franz Mayer (Rogerio Casas-Alatriste) Biblioteca del Museo Franz Mayer (Rogerio Casas-Alatriste) 05/11/2010 D124   NC287.G6 .M34 1947 (D124) 5150 22/03/2019 22/03/2019 Libros